[Event "SLO-chT Central 20th"]
[Site "Slovenia"]
[Date "2019.09.26"]
[Round "3.3"]
[White "Mihelic, Vesna"]
[Black "Borstar, Dusan"]
[Result "1-0"]
[WhiteElo "1868"]
[BlackElo "1746"]
[PlyCount "103"]
[EventDate "2019.09.12"]
[EventType "team-tourn"]
[EventRounds "7"]
[EventCountry "SLO"]
[SourceTitle "EXT 2024"]
[Source "ChessBase"]
[SourceDate "2023.10.10"]
[SourceVersion "1"]
[SourceVersionDate "2023.10.10"]
[SourceQuality "1"]
[WhiteTeam "Menges Trzin"]
[BlackTeam "Domzale Tajfun"]
[WhiteTeamCountry "SLO"]
[BlackTeamCountry "SLO"]

1. e4 c5 2. Nf3 d6 3. d4 cxd4 4. Qxd4 a6 5. h3 Qc7 6. c4 Nf6 7. Nc3 Nbd7 8. Be2 g6 9. Nd5 Qb8 10. Bd2 Bg7 11. Ba5 Nh5 12. Qe3 b6 13. Bxb6 0-0 14. Nxe7+ Kh8 15. Bd4 Qb4+ 16. Nd2 Nhf6 17. 0-0 Bb7 18. Nd5 Bxd5 19. cxd5 Rfe8 20. a3 Qb8 21. Qc3 Kg8 22. Bf3 Rc8 23. Qe3 Re8 24. Qc3 Rc8 25. Nc4 Qc7 26. Rac1 Qd8 27. Qe3 Qf8 28. g4 Rab8 29. b4 Qe7 30. Na5 Qf8 31. Nc6 Ra8 32. a4 h5 33. b5 axb5 34. axb5 hxg4 35. hxg4 Nh7 36. Bxg7 Kxg7 37. b6 Re8 38. b7 Ra6 39. Qd3 Rb6 40. Rb1 f6 41. b8Q Rexb8 42. Nxb8 Qxb8 43. Rxb6 Qxb6 44. Rb1 Qa7 45. Be2 Ng5 46. Rb4 Qa1+ 47. Kg2 Nc5 48. Qe3 Qe1 49. Rc4 Qb1 50. e5 Qb7 51. exf6+ Kxf6 52. Qf4+ 1-0